| 000 | 00634nam a2200253Ia 4500 | ||
|---|---|---|---|
| 003 | OSt | ||
| 005 | 20220918173831.0 | ||
| 006 | a|||||r|||| 00| 0 | ||
| 007 | ta | ||
| 008 | 220917b |||||||| |||| 00| 0 eng d | ||
| 024 | _a8,596 | ||
| 037 | _cTextual | ||
| 040 |
_aARTS _cARTS _beng |
||
| 041 |
_2eng _aeng |
||
| 082 | _a9xN, J8 | ||
| 110 |
_aCassell first word _947771 |
||
| 245 | 0 | _aCassell miscellany | |
| 260 |
_aLondon _bCassell & company ltd _c1958 |
||
| 300 |
_a879 _ccm. |
||
| 650 | _aGENERALIA | ||
| 700 |
_aCassell first word _947772 |
||
| 942 |
_h9xN, J8 _cTEXL _2CC |
||
| 999 |
_c150354 _d150354 |
||